000 01036nam a22002657a 4500
003 PE SENCICO BE
005 20251020182649.0
008 240112b |||||||| |||| 00| 0 eng d
040 _aPE SENCICO BE
_cPE SENCICO BE
041 _aspa
084 _aI
_aDIS
_a2015
_bT59
100 1 _91876
_aTirado Cedano, Javier Alejandro
_eautor
245 1 _aDiseño de cocinas /
_cJavier Alejandro Tirado Cedano
260 _aLima :
_c2015
300 _a43 h.
_bil. col. ;
_c30 cm.
502 _aMonografía de Titulación.-- Servicio Nacional de Capacitación para la Industria de la Construcción. Escuela Superior Técnica. Carrera Profesional Técnica en Diseño de Interiores, 2015
650 1 0 _944
_aDiseño de interiores
650 2 0 _91009
_aCocinas
650 2 0 _925
_aDecoración de interiores
650 2 0 _9846
_aAcabados
650 2 0 _9370
_aArquitectura de viviendas
710 1 _aServicio Nacional de Capacitación para la Industria de la Construcción.
_bEscuela Superior Técnica
_91065
910 _bhfp
_chfp
942 _cMON
999 _c4504
_d4504